| 000 | 00801nas a2200241 4500 | ||
|---|---|---|---|
| 001 | BR0900106 | ||
| 003 | BR-BrBNA | ||
| 005 | 20231205113003.0 | ||
| 007 | ta | ||
| 008 | 230509b bl.|||p| |||| 00| 00por d | ||
| 040 |
_aBR-BrBNA _bpor _cBiblioteca Nacional de Agricultura |
||
| 041 | _a(Pt) | ||
| 072 | _aL20; F30 | ||
| 100 | 1 | _aFontes, L. da S. | |
| 100 | 1 | _aArthur, V. | |
| 245 | 1 | _aAvaliação da resistência de genótipos de caupi (Vigna unguiculata, L.)ao ataque de Callosobruchus maculatus (Fabr; 1775) | |
| 650 | _aFEIJÃO DE CORDA | ||
| 650 | _aRESISTÊNCIA GENÉTICA | ||
| 650 | _aCALLOSOBRUCHUS MAULATUS | ||
| 773 | 0 |
_tRevista de Agricultura (Brazil) _xISSN 0034-7655 _g(Jun 2005), v. 80(1) p. 49-57 _wBR0900106 |
|
| 909 |
_a202311 _bLúcia _c55 _dLúcia Elande |
||
| 942 |
_2AGRIS _n0 _cANA |
||
| 999 |
_c201191 _d201191 |
||